000 00436nam a2200169Ia 4500
008 131103s9999 xx 000 0 und d
040 _aLoreto College
041 _aEnglish
082 _a282/MEU
_bLCLIB/
100 _aMeulder, E. De
245 _aIndian immortal
_cE. De Meulder
260 _aRanchi
_bCatholic press
_c1946
300 _a262p.
_c 20cm.
650 _aRoman catholic charch
850 _aLCLIB/282/MEU
942 _cBK
999 _c24501
_d74980